| 000 | 01724nam a22002897a 4500 | ||
|---|---|---|---|
| 999 |
_c164982 _d164982 |
||
| 005 | 20190531130042.0 | ||
| 010 | _aB-144790 | ||
| 020 |
_a8177110993 _c700.00 |
||
| 035 | _aB-144790 | ||
| 037 | _bDBAD / PUB | ||
| 037 | _bसाहित्यागार/ PUB | ||
| 082 | _a954.022092 | ||
| 245 |
_aबाबरनामाः _cकेशव कुमार ठाकुर द्वारा रूपान्तरित एवं शाहिद अहमद द्वारा संपादित _b(सम्राट बाबर की आत्मकथा) / |
||
| 246 |
_aBabarnama _btranslated by Keshav Kumar Thakur; edited by Shahid Ahmad |
||
| 260 |
_aजयपुर _bसाहित्यागार _c2009 |
||
| 270 |
_aचौड़ा रास्ता _bजयपुर |
||
| 300 |
_a674पृ. _c22सेमी (सजिल्द) |
||
| 500 | _aमूल तुर्की भाषा से 'मिस्टर लेइडेन' और 'विलियम अर्सकिन' के अँग्रेजी अनुवाद का हिन्दी रूपान्तर | ||
| 600 | _aBābar, Emperor of Hindustan, 1483-1530. | ||
| 600 | _aबाबर, हिन्दुस्तान का शासक, 1483-1530. | ||
| 650 |
_aमुगल साम्राज्य _xराजा एवं शासक _xजीवनी |
||
| 650 |
_a Mogul Empire. _xKings and rulers. _xBiography. |
||
| 700 |
_aठाकुर, केशव कुमार _912140 |
||
| 700 |
_aशाहिद अहमद _912141 |
||
| 942 |
_2ddc _cHN _mबाबर _h954.022092 |
||